000 00283nam a22001217a 4500
020 _a9788176222044
082 _a635
_bREY/MA
100 _aReynolds, P.A
245 _aMaintenance of horticultural equipments
260 _aDelhi
_bBiotech Books
_c2009
300 _a184 p
942 _cBK
999 _c13744
_d13744